| 000 | 00533nam a2200193 i 4500 | ||
|---|---|---|---|
| 001 | bg | ||
| 100 | 1 | _aSOBELMAN, Igor I. | |
| 245 | 0 |
_aAtomic spectra and radiative transitions / _cIgor I. Sobelman. |
|
| 260 |
_aBerlin : _bSpringer Verl., _c1979. |
||
| 490 | 1 |
_aSpringer Series in Chemical Physics ; _v1 |
|
| 830 | _aSpringer Series in Chemical Physics ; | ||
| 020 | _a3540090827 | ||
| 040 | _cBPK | ||
| 041 | _apol | ||
| 080 | _a539.1 | ||
| 920 | _a3-540-09082-7 | ||
| 942 | _cKS | ||
| 008 | s pl f |000 0 pol | ||
| 999 |
_c19259 _d19259 |
||
| 856 |
_uhttp://koha.tu.koszalin.pl/cgi-bin/koha/opac-detail.pl?biblionumber=19259 _yKatalog online BPK |
||